LEADER 00966nas 2200361 c 450 001 9910142542103321 005 20210205052956.0 035 $a(CKB)1000000000530014 035 $a(DE-599)ZDB2090676-6 035 $a(OCoLC)645475426 035 $a(DE-101)023969016 035 $a(EXLCZ)991000000000530014 100 $a20021014a19979999 |y | 101 0 $aeng 135 $aur||||||||||| 181 $ctxt$2rdacontent 182 $cc$2rdamedia 183 $acr$2rdacarrier 200 00$aClean Cities News$eCCN$fU.S. Department of Energy, Alternative Fuel Data Center 210 31$aWashington, DC$d1997- 215 $aOnline-Ressource 300 $aGesehen am 17.06.04 517 $aClean Cities News 517 3 $aCCN 608 $aZeitschrift$2gnd-content 676 $a620 801 0$b0089 801 1$bDE-101 801 2$b9999 906 $aJOURNAL 912 $a9910142542103321 996 $aClean Cities News$92167619 997 $aUNINA LEADER 00917nam a2200253 i 4500 001 991001493819707536 005 20020502180220.0 008 990913s|||| ||| ||| | ||| 035 $ab10856298-39ule_inst 035 $aLE02370026$9ExL 040 $aDip.to Studi Storici$bita 082 $a726.70945 245 10$aAbbazie e monasteri d'Italia :$bviaggio nei luoghi della fede, dell'arte e della cultura 260 $aMilano :$bTouring club italiano,$c[1996] 300 $a200 p. :$bill. ;$c35 cm. 440 3$aIl Bel paese 650 $aMonasteri$zItalia 650 $aAbbazie$zItalia 907 $a.b10856298$b20-03-09$c28-06-02 912 $a991001493819707536 945 $aLE023 726.709 ABB 1 1$g1$i2023000044902$lle023$o-$pE0.00$q-$rn$so $t0$u0$v0$w0$x0$y.i10966481$z28-06-02 996 $aAbbazie e monasteri d'Italia$9918436 997 $aUNISALENTO 998 $ale023$b01-01-99$cm$da $e-$fita$git $h0$i1